<?xml version="1.0" encoding="UTF-8"?>
<collection xmlns="http://www.loc.gov/MARC21/slim">
 <record>
  <leader>02359caa a2200433 c 4500</leader>
  <controlfield tag="001">1786464012</controlfield>
  <controlfield tag="003">DE-627</controlfield>
  <controlfield tag="005">20240506142507.0</controlfield>
  <controlfield tag="007">cr cn 008aaaaa</controlfield>
  <controlfield tag="008">220119s1972    xx |||||oo    00| ||ger c</controlfield>
  <datafield tag="024" ind1="7" ind2=" ">
   <subfield code="a">10.11588/bjb.1972.1.85397</subfield>
   <subfield code="2">doi</subfield>
  </datafield>
  <datafield tag="035" ind1=" " ind2=" ">
   <subfield code="a">(DE-627)1786464012</subfield>
  </datafield>
  <datafield tag="035" ind1=" " ind2=" ">
   <subfield code="a">(DE-599)KXP1786464012</subfield>
  </datafield>
  <datafield tag="035" ind1=" " ind2=" ">
   <subfield code="a">(OCoLC)1295776197</subfield>
  </datafield>
  <datafield tag="040" ind1=" " ind2=" ">
   <subfield code="a">DE-627</subfield>
   <subfield code="b">ger</subfield>
   <subfield code="c">DE-627</subfield>
   <subfield code="e">rda</subfield>
  </datafield>
  <datafield tag="041" ind1=" " ind2=" ">
   <subfield code="a">ger</subfield>
  </datafield>
  <datafield tag="084" ind1=" " ind2=" ">
   <subfield code="a">ALT-KA</subfield>
   <subfield code="q">DE-16</subfield>
   <subfield code="2">fid</subfield>
  </datafield>
  <datafield tag="100" ind1="1" ind2=" ">
   <subfield code="a">Schnurbein, Siegmar von</subfield>
   <subfield code="d">1941-</subfield>
   <subfield code="e">VerfasserIn</subfield>
   <subfield code="0">(DE-588)108549720</subfield>
   <subfield code="0">(DE-627)077134540</subfield>
   <subfield code="0">(DE-576)162953216</subfield>
   <subfield code="4">aut</subfield>
  </datafield>
  <datafield tag="245" ind1="1" ind2="0">
   <subfield code="a">[Rezension von: Dieter Timpe, Arminiusstudien]</subfield>
   <subfield code="c">S. v. Schnurbein, Münster</subfield>
  </datafield>
  <datafield tag="264" ind1=" " ind2="1">
   <subfield code="a">Kevelaer, Rhld.</subfield>
   <subfield code="b">Verlag Butzon &amp; Berker</subfield>
   <subfield code="c">1972</subfield>
  </datafield>
  <datafield tag="336" ind1=" " ind2=" ">
   <subfield code="a">Text</subfield>
   <subfield code="b">txt</subfield>
   <subfield code="2">rdacontent</subfield>
  </datafield>
  <datafield tag="337" ind1=" " ind2=" ">
   <subfield code="a">Computermedien</subfield>
   <subfield code="b">c</subfield>
   <subfield code="2">rdamedia</subfield>
  </datafield>
  <datafield tag="338" ind1=" " ind2=" ">
   <subfield code="a">Online-Ressource</subfield>
   <subfield code="b">cr</subfield>
   <subfield code="2">rdacarrier</subfield>
  </datafield>
  <datafield tag="500" ind1=" " ind2=" ">
   <subfield code="a">Elektronische Reproduktion der Druckausgabe</subfield>
  </datafield>
  <datafield tag="533" ind1=" " ind2=" ">
   <subfield code="a">Online-Ausgabe</subfield>
   <subfield code="b">Heidelberg</subfield>
   <subfield code="c">Propylaeum</subfield>
   <subfield code="d">2022</subfield>
   <subfield code="7">|2022||||||||||</subfield>
  </datafield>
  <datafield tag="655" ind1=" " ind2="7">
   <subfield code="a">Rezension</subfield>
   <subfield code="0">(DE-588)4049712-4</subfield>
   <subfield code="0">(DE-627)106186019</subfield>
   <subfield code="0">(DE-576)209083166</subfield>
   <subfield code="2">gnd-content</subfield>
  </datafield>
  <datafield tag="689" ind1="0" ind2="0">
   <subfield code="d">p</subfield>
   <subfield code="0">(DE-588)118504037</subfield>
   <subfield code="0">(DE-627)079308678</subfield>
   <subfield code="0">(DE-576)208849467</subfield>
   <subfield code="a">Arminius</subfield>
   <subfield code="d">v16-21</subfield>
   <subfield code="2">gnd</subfield>
  </datafield>
  <datafield tag="689" ind1="0" ind2=" ">
   <subfield code="5">(DE-627)</subfield>
  </datafield>
  <datafield tag="773" ind1="0" ind2="8">
   <subfield code="i">Enthalten in</subfield>
   <subfield code="a">Rheinisches Landesmuseum Bonn</subfield>
   <subfield code="t">Bonner Jahrbücher des Rheinischen Landesmuseums in Bonn und des Rheinischen Amtes für Bodendenkmalpflege im Landschaftsverband Rheinland und des Vereins von Altertumsfreunden im Rheinlande</subfield>
   <subfield code="d">Mainz : von Zabern, 2016</subfield>
   <subfield code="g">172(1972), Seite 638-639</subfield>
   <subfield code="h">Online-Ressource</subfield>
   <subfield code="w">(DE-627)859177904</subfield>
   <subfield code="w">(DE-600)2855591-0</subfield>
   <subfield code="w">(DE-576)469558075</subfield>
   <subfield code="x">2509-6265</subfield>
   <subfield code="7">nnas</subfield>
  </datafield>
  <datafield tag="773" ind1="1" ind2="8">
   <subfield code="g">volume:172</subfield>
   <subfield code="g">year:1972</subfield>
   <subfield code="g">pages:638-639</subfield>
  </datafield>
  <datafield tag="787" ind1="0" ind2="8">
   <subfield code="i">Rezension von</subfield>
   <subfield code="a">Timpe, Dieter, 1931 - 2021</subfield>
   <subfield code="t">Arminius-Studien</subfield>
   <subfield code="d">Heidelberg : Winter, 1970</subfield>
   <subfield code="h">146 S.</subfield>
   <subfield code="w">(DE-627)1072691728</subfield>
   <subfield code="w">(DE-576)002691728</subfield>
  </datafield>
  <datafield tag="856" ind1="4" ind2="0">
   <subfield code="u">https://doi.org/10.11588/bjb.1972.1.85397</subfield>
   <subfield code="x">Verlag</subfield>
   <subfield code="x">Resolving-System</subfield>
   <subfield code="z">kostenfrei</subfield>
   <subfield code="3">Volltext</subfield>
   <subfield code="7">0</subfield>
  </datafield>
  <datafield tag="856" ind1="4" ind2="0">
   <subfield code="u">https://journals.ub.uni-heidelberg.de/index.php/bjb/article/view/85397</subfield>
   <subfield code="x">Verlag</subfield>
   <subfield code="z">kostenfrei</subfield>
   <subfield code="3">Volltext</subfield>
   <subfield code="7">0</subfield>
  </datafield>
  <datafield tag="951" ind1=" " ind2=" ">
   <subfield code="a">AR</subfield>
  </datafield>
  <datafield tag="994" ind1=" " ind2=" ">
   <subfield code="u">https://journals.ub.uni-heidelberg.de/index.php/bjb/article/view/85397/79740</subfield>
  </datafield>
  <datafield tag="994" ind1=" " ind2=" ">
   <subfield code="u">https://journals.ub.uni-heidelberg.de/index.php/bjb/article/view/85397/79740</subfield>
  </datafield>
  <datafield tag="990" ind1=" " ind2=" ">
   <subfield code="a">Arminius</subfield>
  </datafield>
  <datafield tag="991" ind1=" " ind2=" ">
   <subfield code="a">Rezension (Monographie, Zeitschrift, Aufsatz)</subfield>
  </datafield>
  <datafield tag="999" ind1=" " ind2=" ">
   <subfield code="a">KXP-PPN1786464012</subfield>
   <subfield code="e">4978590213</subfield>
  </datafield>
 </record>
</collection>
